| 000 | 00801cam a2200265 a 4500 | ||
|---|---|---|---|
| 001 | 17841581 | ||
| 003 | OSt | ||
| 005 | 20250610100754.0 | ||
| 008 | 130806s2015 nyua 000 0 eng | ||
| 010 | _a 2013030628 | ||
| 020 | _a9789353167035 | ||
| 040 |
_aDLC _cDLC _dDLC |
||
| 042 | _apcc | ||
| 050 | 0 | 0 |
_aHD58.6 _b.L49 2015 |
| 082 | 0 | 0 |
_a658.4052 _bLEW/N |
| 100 | 1 | _aLewicki, Roy J. | |
| 245 | 1 | 0 |
_aNegotiation / _cRoy J. Lewicki, David M. Saunders, Bruce Barry. |
| 250 | _aSeventh edition. | ||
| 264 | 1 |
_aNew York, NY : _bMcGraw-Hill Education, _c[2015] |
|
| 300 |
_axvii, 654 p. : _bill. ; _c24 cm. |
||
| 650 | 0 | _aNegotiation in business. | |
| 700 | 1 | _aSaunders, David M. | |
| 700 | 1 |
_aBarry, Bruce, _d1958- |
|
| 942 |
_2ddc _cBK _h658.4052 _iLEW/N _k658.4052 _mLEW/N |
||
| 999 |
_c44480 _d44480 |
||